Catálogo
 En Linea

Algunos artífices del derecho norteamericano / (Registro nro. 23865)

Detalles MARC
000 -CABECERA
campo de control de longitud fija 00794nam a2200217 a 4500
001 - NÚMERO DE CONTROL
campo de control 000024372
005 - FECHA Y HORA DE LA ÚLTIMA TRANSACCIÓN
campo de control 20200930022944.0
008 - DATOS DE LONGITUD FIJA--INFORMACIÓN GENERAL
campo de control de longitud fija 110126s1985 ag r 001 0 spa d
020 ## - NÚMERO INTERNACIONAL ESTÁNDAR DEL LIBRO
Número Internacional Estándar del Libro 9502005704
040 ## - FUENTE DE LA CATALOGACIÓN
Centro catalogador/agencia de origen DO-SdBNP
Lengua de catalogación spa
Centro/agencia transcriptor BNPHU
082 ## - NÚMERO DE LA CLASIFICACIÓN DECIMAL DEWEY
Número de clasificación xxxxx
Número de documento/Ítem S399a
100 1# - ENTRADA PRINCIPAL--NOMBRE DE PERSONA
Nombre de persona Schwartz, Bernard
9 (RLIN) 49980
240 10 - TÍTULO UNIFORME
Título uniforme Some makers of American law
245 10 - MENCIÓN DE TÍTULO
Título Algunos artífices del derecho norteamericano /
Mención de responsabilidad, etc. Bernard Schwartz ; traducción Rubén Laporte.
260 ## - PUBLICACIÓN, DISTRIBUCIÓN, ETC.
Lugar de publicación, distribución, etc. Buenos Aires, Argentina :
Nombre del editor, distribuidor, etc. Abeledo-Perrot,
Fecha de publicación, distribución, etc. 1985.
300 ## - DESCRIPCIÓN FÍSICA
Extensión 237 p. ;
Dimensiones 20 cm.
500 ## - NOTA GENERAL
Nota general Incluye índice analítico.
534 ## - NOTA SOBRE LA VERSIÓN ORIGINAL
Frase introductoria Título original en inglés :
Mención de título del original Some makers of American law,
Publicación, distribución, etc. del original University of Calcutta, 1985,
Número Internacional Estándar del Libro 0379206889
590 ## - NOTA LOCAL (RLIN)
Nota local Inventariado, 2019/VM
700 1# - PUNTO DE ACCESO ADICIONAL--NOMBRE DE PERSONA
Nombre de persona Laporte, Rubén,
Término indicativo de función/relación tr.
9 (RLIN) 49981
Existencias
Estado de retiro Estado de pérdida Restricciones de uso No para préstamo Código de colección Localización permanente Ubicación/localización actual Ubicación en estantería Fecha de adquisición Número de inventario Total de préstamos Signatura topográfica completa Código de barras Fecha visto por última vez Precio válido a partir de Tipo de ítem Koha
        Monografías: Libros y Folletos General General Depósito 26.01.2011 LF1   xxxxx S399a 24372-10 25.06.2020 25.06.2020 Préstamo en sala

Con tecnología Koha